Take my word for it : (Record no. 612615)

000 -LEADER
fixed length control field 00772cam a2200241 a 4500
001 - CONTROL NUMBER
control field 3822630
003 - CONTROL NUMBER IDENTIFIER
control field NUST
005 - DATE AND TIME OF LATEST TRANSACTION
control field 20250113130121.0
008 - FIXED-LENGTH DATA ELEMENTS--GENERAL INFORMATION
fixed length control field 860107s1986 nyua 001 0 eng
010 ## - LIBRARY OF CONGRESS CONTROL NUMBER
LC control number 86001260
020 ## - INTERNATIONAL STANDARD BOOK NUMBER
International Standard Book Number 081291323X
040 ## - CATALOGING SOURCE
Original cataloging agency DLC
Transcribing agency DLC
Modifying agency DLC
082 00 - DEWEY DECIMAL CLASSIFICATION NUMBER
Classification number 428.00973,SAF
100 1# - MAIN ENTRY--PERSONAL NAME
Personal name Safire, William,
Dates associated with a name 1929-2009.
9 (RLIN) 107379
245 10 - TITLE STATEMENT
Title Take my word for it :
Remainder of title more On language /
Statement of responsibility, etc. from William Safire.
250 ## - EDITION STATEMENT
Edition statement 1st ed.
260 ## - PUBLICATION, DISTRIBUTION, ETC.
Place of publication, distribution, etc. New York :
Name of publisher, distributor, etc. Times Books,
Date of publication, distribution, etc. c1986.
300 ## - PHYSICAL DESCRIPTION
Extent ix, 357 p. :
Other physical details ill. ;
Dimensions 25 cm.
650 #0 - SUBJECT ADDED ENTRY--TOPICAL TERM
Topical term or geographic name entry element English language
General subdivision Usage.
9 (RLIN) 13151
650 #0 - SUBJECT ADDED ENTRY--TOPICAL TERM
Topical term or geographic name entry element English language
General subdivision Errors of usage.
9 (RLIN) 127504
650 #0 - SUBJECT ADDED ENTRY--TOPICAL TERM
Topical term or geographic name entry element English language
General subdivision Etymology.
9 (RLIN) 127505
942 ## - ADDED ENTRY ELEMENTS (KOHA)
Source of classification or shelving scheme
Koha item type Book
Classification part 428.00973,SAF
Holdings
Withdrawn status Lost status Source of classification or shelving scheme Damaged status Not for loan Permanent Location Current Location Shelving location Date acquired Full call number Barcode Date last seen Price effective from Koha item type Public note
          Military College of Signals (MCS) Military College of Signals (MCS) General Stacks 01/13/2025 428.00973,SAF MCS38851 01/13/2025 01/13/2025 Book Almirah No.54, Shelf No.6
© 2023 Central Library, National University of Sciences and Technology. All Rights Reserved.